Bộ luật hình sự. Bộ luật tố tụng hình sự. Luật tổ chức cơ quan điều tra hình sự. Luật tạm giữ, tạm giam Được thông qua tại kỳ họp thứ 10, Quốc hội khóa XIII

Wedi'i Gadw mewn:
Manylion Llyfryddiaeth
Fformat: Llyfr
Cyhoeddwyd: Hà Nội Hồng Đức 2016
Pynciau:
Tagiau: Ychwanegu Tag
Dim Tagiau, Byddwch y cyntaf i dagio'r cofnod hwn!
Thư viện lưu trữ: Trung tâm Học liệu Lê Vũ Hùng, Trường Đại học Đồng Tháp
LEADER 01064pam a22003138a 4500
001 00040061
005 20171026081025.0
008 170920s2016 ||||||Viesd
020 # # |c 395000  |a 9786048679774 
041 0 # |a Vie 
082 1 4 |a 345.597  |b B450L 
245 0 0 |a Bộ luật hình sự. Bộ luật tố tụng hình sự. Luật tổ chức cơ quan điều tra hình sự. Luật tạm giữ, tạm giam  |b Được thông qua tại kỳ họp thứ 10, Quốc hội khóa XIII 
260 # # |a Hà Nội  |b Hồng Đức  |c 2016 
300 # # |a 587 tr.  |c 28 cm. 
653 # # |a Luật hình sự 
653 # # |a Văn bản pháp luật 
653 # # |a Việt Nam 
653 # # |a Pháp luật 
852 # # |j KD.0022382  |j KM.0023145 
852 # # |b Kho đọc  |j KD.0022382 
852 # # |b Kho mượn  |j KM.0023145 
910 # # |d 20/09/2017 
980 # # |a Trung tâm Học liệu Lê Vũ Hùng, Trường Đại học Đồng Tháp